Keuangan Pemerintah Daerah di Indonesia (Record no. 12650)

000 -LEADER
fixed length control field 00427nam a2200145Ia 4500
020 ## - INTERNATIONAL STANDARD BOOK NUMBER
ISBN 979-456-032-4
084 ## - OTHER CLASSIFICATION OF CALL NUMBER
Call Number (Nomor Katalog) 10100 DEV Gov Bo.2a
100 ## - MAIN ENTRY--AUTHOR NAME
Personal name (Pengarang) Nick Devas
245 #0 - TITLE STATEMENT
Sub Title (Anak Judul) Keuangan Pemerintah Daerah di Indonesia
260 ## - PUBLICATION, DISTRIBUTION, ETC. (IMPRINT)
Place of publication (Tempat Terbit/Kota) Jakarta
Name of publisher (Nama Penerbit) UI Press
Year of publication (Tahun Terbit) 1989
300 ## - PHYSICAL DESCRIPTION
Number of Pages (Jumlah Halaman) xii + 323 halaman
650 ## - SUBJECT ADDED ENTRY--TOPICAL TERM
Topical Term (Topik 1) Government (Pemerintahan)
Relator term (Topik 2) G-O-V
Chronological subdivision (Topik 5) Keuangan Pemerintah daerah
942 ## - ADDED ENTRY ELEMENTS (KOHA)
Koha item type Books (Buku)
Holdings
Withdrawn status Lost status Damaged status Not for loan Permanent Location (Lokasi Permanen) Current Location (Lokasi Sekarang) Shelving location (Lokasi Rak) Date acquired Cost, normal purchase price (Harga Buku) Full call number (Nomor Katalog) Barcode Price effective from Koha item type (Jenis Koleksi)
        PIN Library PIN Library Bookshelf 03/26/2022 10.00 10100 DEV Gov Bo.2a 1010001 03/26/2022 Books (Buku)